MARC

LEADER 00000cam a2200000 7i4500
001 0000002621
005 20030828.0
020 0 0 |a 9679928306 
090 0 0 |a 363.7   |b ENV 1992 
245 0 0 |a ENVIRONMENT 
260 0 0 |a Kuala Lumpur :   |b Asian & Pacific Development Centre ,   |c 1992 
300 |a ix, 237 p. :   |b ill. ;   |c 25 cm. 
440 0 0 |a Asian and Pacific Women's Resource and Action Series 
650 0 0 |a Man   |x Influence on nature 
650 0 0 |a Women in development 
650 0 0 |a Women   |x Economic conditions 
650 0 0 |a Women   |x Social conditions 
710 1 1 |a Asian and Pacific Development Centre 
998 |a JPSM 
999 |a 0000004359   |b Monograph   |c Open Shelf   |e Default branch 
999 |a 0000004366   |b Monograph   |c Open Shelf   |e Default branch